Babushka Countries - Statistics

General Stats
  • This quiz has been taken 46 times
  • The average score is 12 of 13
Answer Stats
Hint Answer % Correct
babushka russia
100%
baka bosnia
92%
babcia poland
92%
baka serbia
92%
babusya ukraine
92%
babulia belarus
89%
baba bulgaria
89%
baka croatia
89%
babicka slovakia
89%
babica slovenia
89%
baba macedonia
84%
baka montenegro
82%
babicka czech republic
76%
No matching quizzes found
Score Distribution
Percent of People with Each Score
Percentile by Number Answered
Your Score History
You have not taken this quiz